Science Quiz

Random Science or Astronomy Quiz
Score 0/19 Timer 05:00
4 Plays Today
Planet Moon % Correct
EarthMoon
97.8%
JupiterIo
84.2%
SaturnTitan
67.8%
JupiterGanymede
63.5%
JupiterEuropa
62%
JupiterCallisto
48.5%
NeptuneTriton
46.9%
Pluto*Charon
46.4%
UranusTitania
31.8%
UranusOberon
30.3%
Planet Moon % Correct
UranusMiranda
24%
UranusAriel
23.8%
SaturnEnceladus
23%
SaturnRhea
22.2%
UranusUmbriel
20.1%
SaturnMimas
19.9%
SaturnIapetus
18%
SaturnDione
17.7%
SaturnTethys
17.6%
Remove Ads.
Support Sporcle.
Get the best of Sporcle when you Go Orange. This ad-free experience offers more features, more stats, and more fun while also helping to support Sporcle. Thank you for becoming a member.

You're not logged in!

Compare scores with friends on all Sporcle quizzes.
OR
Log In

Sporcle TV

Today on Sporcle TV


Watch our educational content, quiz creation guides, and fun videos on Sporcle TV.

Show Comments

Extras

Top Quizzes Today


Score Distribution

Paid Content

Your Account Isn't Verified!

In order to create a playlist on Sporcle, you need to verify the email address you used during registration. Go to your Sporcle Settings to finish the process.

Report this User

Report this user for behavior that violates our Community Guidelines.

Details: